| 000 | 00752nam a2200217Ii 4500 | ||
|---|---|---|---|
| 003 | JO-AjNU | ||
| 008 | 230605s9999||||xx |||||||||||||| ||und|| | ||
| 017 | _a1996/2/275 | ||
| 040 |
_aJO-AjNU _bara _erda _cJO-AjNU |
||
| 041 | _aara | ||
| 050 | 1 | 4 | _aHQ1729 .A99 1996 |
| 100 | 3 |
_a عياد، رناد الخطيب , _eauthor _947693 |
|
| 245 | 0 | 0 | _aتطور المرأة الاردنية في عهد الحسين |
| 264 | 3 | 1 | _aعمان: وزارة الشباب، 1996 |
| 300 | _a74ص | ||
| 336 |
_atext _btxt _2rdacontent |
||
| 337 |
_aunmediated _bn _2rdamedia |
||
| 338 |
_avolume _bnc _2rdacarrier |
||
| 490 | 0 | _aالتثقيف الشبابي ؛ 30 | |
| 650 | 4 |
_aلمرأة - الأردن - المراة في الحياة العامة _947694 |
|
| 999 |
_aA20838 _c24406 _d24406 |
||